Psychology of college students / (Record no. 17734)

MARC details
000 -LEADER
fixed length control field 007320000a22002170004500
005 - DATE AND TIME OF LATEST TRANSACTION
control field 20081031172835.0
008 - FIXED-LENGTH DATA ELEMENTS--GENERAL INFORMATION
fixed length control field 081031t xxu||||| |||| 00| 0 eng d
010 ## - LIBRARY OF CONGRESS CONTROL NUMBER
LC control number ENG-84414
020 ## - INTERNATIONAL STANDARD BOOK NUMBER
International Standard Book Number 8189012134
020 ## - INTERNATIONAL STANDARD BOOK NUMBER
Terms of availability 425.00 (hb)
035 ## - SYSTEM CONTROL NUMBER
System control number EN-67947
082 ## - DEWEY DECIMAL CLASSIFICATION NUMBER
Classification number 155.65
100 ## - MAIN ENTRY--PERSONAL NAME
Personal name Rajamanickam, M
245 ## - TITLE STATEMENT
Title Psychology of college students /
Statement of responsibility, etc by M Rajamanickam
260 ## - PUBLICATION, DISTRIBUTION, ETC. (IMPRINT)
Place of publication, distribution, etc Delhi
Name of publisher, distributor, etc GNOSIS
260 ## - PUBLICATION, DISTRIBUTION, ETC. (IMPRINT)
Date of publication, distribution, etc 2007
300 ## - PHYSICAL DESCRIPTION
Extent xii,160p
Dimensions 22cm
500 ## - GENERAL NOTE
General note Includes bibliographical references and index
942 ## - ADDED ENTRY ELEMENTS (KOHA)
Source of classification or shelving scheme Dewey Decimal Classification
Koha item type English Books
Classification part 155.65
Call number suffix RAJ
Holdings
Withdrawn status Lost status Source of classification or shelving scheme Damaged status Not for loan Collection code Home library Current library Date acquired Cost, normal purchase price Total Checkouts Full call number Barcode Date last seen Copy number Cost, replacement price Price effective from Koha item type
    Dewey Decimal Classification   Not For Loan Non-fiction D.B.Act.Division D.B.Act.Division 05/03/2007 425.00   155.65 RAJ EN-67947 04/11/2008 1 425.00 04/11/2008 English Books

© Delhi Public Library
Hit Counter
free hit counter